Alacena de minucias (1962-1969)

Detalles Bibliográficos
Autor principal: Henestrosa, Andrš
Formato: eBook
Lenguaje:español
Publicado: Ciudad de Mx̌ico: Cm̀ara de Diputados, 2011
Materias:
Acceso en línea:Acceso restringido

MARC

LEADER 00000nam a22000007a 4500
005 20171205171135.0
007 cr|||| ||||
008 171205s2011 mx |||||s|||| 00||0 spa d
020 |a 978-607-401-501-0 
035 |a 20784 
040 |a vLex 
090 |c 7263  |d 7263 
100 1 |a Henestrosa, Andrš 
245 1 0 |a Alacena de minucias (1962-1969)  |h [Recurso electrn̤ico] /  |c Andrš Henestrosa  
256 |a Servicio en ln̕ea 
260 |a Ciudad de Mx̌ico:  |b Cm̀ara de Diputados,  |c 2011 
300 |a 1 recurso electrn̤ico (564p.) 
506 1 |a Disponible solo en los productos indicados  |d vLex Global  |d vLex Global (Academic Edition, excluding Law Schools)  |d vLex Global (U.S. Academic Edition, Law Schools)  |d vLex Global (U.S. Academic Edition, excluding Law Schools)  |d vLex Global (Academic Edition, Law Schools) 
650 0 4 |a Ciencias sociales  |z Mx̌ico 
740 0 |a vLex Libros (Servicio en ln̕ea) 
856 4 0 |u http://vlex.com/source/alacena-minucias-1962-1969-20784  |z Acceso restringido 
942 |c BOOK 
999 0 |a Social science